000
00317nam a22001337a 4500
020
_a
1-84362-390-0
082
_a
823
_b
WOR/S
100
_a
WORMAN, CERI
245
_a
THE SECRET LIFE OF JAMIE B
_b
RAPSTAR
260
_a
LONDON
_b
ORCHARD BOOKS
_c
2005
300
_a
154
650
_a
STORY BOOK
_z
UNITED KINGDOM
942
_c
BK
999
_c
4996
_d
4996